| 000 | 00341nam a2200145Ia 4500 | ||
|---|---|---|---|
| 008 | 230312s9999||||xx |||||||||||||| ||und|| | ||
| 020 | _a81-312-2393-2 | ||
| 082 |
_a612 _bBRE-P |
||
| 100 | _aBrenner;George.M | ||
| 245 | 0 | _aPharmacology | |
| 260 |
_bElsevier _aIndia _c2010 |
||
| 300 | _a540 | ||
| 650 |
_aPharmacy _vPharmacology |
||
| 942 | _cBK | ||
| 999 |
_c9883 _d9883 |
||